LEADER 02534nam 22006372u 450 001 9910450891503321 005 20210114063154.0 010 $a0-19-151365-2 010 $a1-4294-2176-2 035 $a(CKB)1000000000412475 035 $a(EBL)422952 035 $a(OCoLC)476260705 035 $a(SSID)ssj0000112058 035 $a(PQKBManifestationID)11142784 035 $a(PQKBTitleCode)TC0000112058 035 $a(PQKBWorkID)10081582 035 $a(PQKB)10502140 035 $a(MiAaPQ)EBC422952 035 $a(EXLCZ)991000000000412475 100 $a20100913d2006|||| u|| | 101 0 $aeng 135 $aur|n|---||||| 181 $ctxt 182 $cc 183 $acr 200 14$aThe Biology of Freshwater Wetlands$b[electronic resource] 210 $aOxford $cOxford University Press, UK$d2006 215 $a1 online resource (186 p.) 225 1 $aBiology of Habitats 300 $aDescription based upon print version of record. 311 $a0-19-852540-0 327 $aCONTENTS; 1 Introduction; 2 Wetland environments; 3 Microorganisms and invertebrates; 4 Wetland plants and animals; 5 Spatial and temporal patterns; 6 Wetland functions; 7 The future of wetlands; GLOSSARY; BIBLIOGRAPHY; INDEX; 330 $a&i&The Biology of Freshwater Wetlands&i/& provides a concise,easy to read introduction for anyone working in the field of wetland ecology. It will be ideal for undergraduate and graduate students as well as professional researchers in the fields of limnology and freshwater ecology requiring a concise overview of the topic. - ;Global wetlands range from moss-dominated arctic peat lands to seasonally-flooded tropical floodplains, and exhibit significant differences in both hydrology and species composition. However, rather than concentrating on the detailed characteristics of specific wetland type 410 0$aBiology of Habitats 606 $aWetland ecology 606 $aWetlands 606 $aScience 606 $aNatural history 606 $aWetlands 606 $aWetland ecology 608 $aElectronic books. 615 4$aWetland ecology. 615 4$aWetlands. 615 4$aScience. 615 4$aNatural history. 615 0$aWetlands 615 0$aWetland ecology 676 $a577.68 700 $avan der Valk$b Arnold G$0958743 801 0$bAU-PeEL 801 1$bAU-PeEL 801 2$bAU-PeEL 906 $aBOOK 912 $a9910450891503321 996 $aThe Biology of Freshwater Wetlands$92172389 997 $aUNINA LEADER 01059nam a2200265 i 4500 001 991002747599707536 008 150507s2013 it b 001 0 ita d 020 $a9788867280919 020 $a8867280910 035 $ab14226261-39ule_inst 040 $aBibl. Interfacoltà T. Pellegrino$bita 082 04$a346.450482 100 1 $aPalazzolo, Maria Iolanda$0152967 245 13$aLa nascita del diritto d'autore in Italia :$bconcetti, interessi, controversie giudiziarie, 1840-1941 /$cMaria Iolanda Palazzolo 260 $aRoma :$bViella,$cc2013 300 $a181 p. ;$c21 cm. 440 2$aI libri di Viella ;$v160 504 $aCon bibliografia (p. [161]-173) e indice 650 4$aDiritto d'autore$zItalia$xStoria$y1840-1941 907 $a.b14226261$b07-05-15$c07-05-15 912 $a991002747599707536 945 $aLE002 346.45 PAL$g1$i2002001049963$lle002$op$pE25.00$q-$rl$s- $t0$u2$v0$w2$x0$y.i15671707$z07-05-15 996 $aNascita del diritto d'autore in Italia$9256712 997 $aUNISALENTO 998 $ale002$b07-05-15$cm$da $e $fita$git $h3$i0 LEADER 03408nam 2200541 450 001 9910796973803321 005 20230814223055.0 010 $a3-11-057492-6 010 $a3-11-057607-4 024 7 $a10.1515/9783110576078 035 $a(CKB)4100000005043737 035 $a(MiAaPQ)EBC5157486 035 $a(DE-B1597)489429 035 $a(OCoLC)1046614167 035 $a(DE-B1597)9783110576078 035 $a(Au-PeEL)EBL5157486 035 $a(CaPaEBR)ebr11605165 035 $a(EXLCZ)994100000005043737 100 $a20180921d2018 uy 0 101 0 $aeng 135 $aurcnu|||||||| 181 $ctxt$2rdacontent 182 $cc$2rdamedia 183 $acr$2rdacarrier 200 14$aThe aesthetic use of the logical functions in Kant's third Critique /$fStephanie Adair 210 1$aBerlin ;$aBoston :$cDe Gruyter,$d[2018] 210 4$d©2018 215 $a1 online resource (314 pages) 225 0 $aKantstudien-Ergänzungshefte ;$v202 311 $a3-11-057479-9 327 $tFrontmatter -- $tAcknowledgement -- $tContents -- $tList of Abbreviations -- $tIntroduction -- $tChapter One: Renegotiating Kantian Constraints, Intuiting without Concepts -- $tChapter Two: Logical Functions of Judgment and the Layered Solution -- $tChapter Three: Pleasure Without Interest: Affirming a Negated Interest Through the Infinite Logical Function of Quality -- $tChapter Four: The Universal Validity of a Singular Judgment -- $tChapter Five: Disjunctivity and the Form of Purposiveness -- $tChapter Six: An Exemplary, Conditioned Necessity -- $tConcluding Remarks -- $tWorks Cited -- $tAbstract -- $tIndex 330 $aIn the third Critique Kant details an aesthetic operation of judgment that is surprising considering how judgment functioned in the first Critique. In this book, I defend an understanding of Kant's theory of Geschmacksurteil as detailing an operation of the faculties that does not violate the cognitive structure laid out in the first Critique. My orientation is primarily epistemological, elaborating the determinations that govern the activity of pure aesthetic judging that specify it as a "bestimmte" type of judgment without transforming it into "ein bestimmendes Urteil". I focus on identifying how the logical functions from the table of judgments operate in the pure aesthetic judgment of taste to reveal "the moments to which this power of judgment attends in its reflection" (CPJ, 5:203). In the course of doing so, a picture emerges of how the world is not just cognizable in a Kantian framework but also charged with human feeling, acquiring the inexhaustible, inchoate meaningfulness that incites "much thinking" (CPJ, 5:315). The universal communicability of aesthetic pleasure serves as the foundation that grounds robust intersubjective relations, enabling genuine connection to others through a shared a priori feeling. 606 $aJudgment (Aesthetics) 606 $aJudgment (Logic) 610 $aKant, Immanuel. 610 $aaesthetics. 610 $aepistemology. 615 0$aJudgment (Aesthetics) 615 0$aJudgment (Logic) 676 $a111.85092 700 $aAdair$b Stephanie$01468986 801 0$bMiAaPQ 801 1$bMiAaPQ 801 2$bMiAaPQ 906 $aBOOK 912 $a9910796973803321 996 $aThe aesthetic use of the logical functions in Kant's third Critique$93801723 997 $aUNINA